000 00913nam a2200289Ia 4500
003 OSt
005 20221007122550.0
006 a|||||r|||| 00| 0
007 ta
008 221006b |||||||| |||| 00| 0 eng d
020 _a9780387856070 (hbd)
024 _a112186
037 _b3069, 18/08/2010, New India Book Agency
_cTextbook
040 _aPAPL
_cPAPL
_beng
041 _2eng
_aeng
082 _aC9B3, P9 Carpa
100 _aJevremovic Tatjana
_9714577
245 0 _aNuclear principles in engineering
250 _a2
260 _aNew
_bYork Springer
_c2009
300 _axxii, 546p.
_ccm.
500 _aAppendices 1-7, 519-536p.; Bibliography 537-540p.; Index 541-546p.
650 _a Nuclear physics
_9543687
650 _aPhysics
942 _hC9B3, P9 Carpa
_cTB
_2CC
999 _c1210586
_d1210586